000 00568nam a2200193 a 4500
005 20260206064024.0
008 991125s1993 mx 000 0 spa u
020 _a9681847466
035 _aUPN01000008853
049 _aCG
050 4 _aGV1446
_bC32
100 1 _aCastillo Mussot, Marcelo del
245 1 0 _aCómo acercarse al ajedrez /
_cMarcelo del Castillo Mussot.
260 _aMéxico :
_bCNCA :
_bGobierno del Estado de Quéretaro,
_c1993.
300 _a108 p.
440 0 _aCómo acercarse a
650 4 _aAjedrez
_xEstudio y enseñanza
_91977
905 _aLibro
999 _c8853
_d8853